000 01949nam a2200505 i 4500
001 19406
003 KOSZ 005
005 20200430090659.0
008 200430s1980 pl a f 000 0 pol
015 _aUWD 1980/9746
020 _a8304006936
035 _a991013564589705066
035 _a(PL-WaBN)b13653374-48omnis_nlop
035 _ab13653374
035 _a(OCoLC)69476088
035 _a(PL)b0000001365337
035 _a(EXLNZ-48OMNIS_NETWORK)9910266352105606
040 _aWA N
_cWA N
_dKOSZ 005/RW
046 _k1980
080 _a624.13
245 0 0 _aZastosowanie metody elementów skończonych w geotechnice :
_bpraca zbiorowa /
_cPolska Akademia Nauk, Komitet Inżynierii Lądowej i Wodnej ; [prace Tadeusza Barańskiego et al. ; redakcja naukowa Wojciech Wolski].
260 _aWrocław :
_bZakład Narodowy im. Ossolińskich,
_c1980.
300 _a223 strony :
_bilustracje, tablice, wykresy ;
_c21 cm.
336 _aTekst
_btxt
_2rdacontent
337 _aBez urządzenia pośredniczącego
_bn
_2rdamedia
338 _aWolumin
_bnc
_2rdacarrier
380 _aKsiążki
380 _aPublikacje naukowe
388 _a1901-2000
388 _a1945-1989
500 _aPrzygotowane na konferencję szkoleniową, Jabłonna, 13-18 października 1980.
504 _aBibliografia przy pracach.
650 7 _aGeologia inżynierska
_2DBN
650 7 _aMechanika gruntów
650 7 _aModele matematyczne
650 7 _aMetoda elementów skończonych
655 7 _aPraca zbiorowa
658 _aInżynieria i technika
700 1 _aBarański, Tadeusz
_c(nauki techniczne)
_eAutor
700 1 _aWolski, Wojciech
_d(1930- )
_eRedakcja
710 2 _aZakład Narodowy im. Ossolińskich
_bWydawnictwo
_4pbl
856 _uhttp://koha.tu.koszalin.pl/cgi-bin/koha/opac-detail.pl?biblionumber=19406
_yKatalog online BPK
942 _2UKD
_cKS
999 _c19406
_d19406